Грузино-римские взаимоотношения : (ბიბ.ჩანაწერი № 60895)
[ მარტივი ფორმატი ]
| 000 -LEADER | |
|---|---|
| fixed length control field | 00998nam a22001937a 4500 |
| 005 - DATE AND TIME OF LATEST TRANSACTION | |
| control field | 20231115123307.0 |
| 008 - FIXED-LENGTH DATA ELEMENTS--GENERAL INFORMATION | |
| fixed length control field | 231115s1981 ru ||||| |||| 00| 0 rus d |
| 041 ## - LANGUAGE CODE | |
| Language code of text/sound track or separate title | rus |
| 080 ## - UNIVERSAL DECIMAL CLASSIFICATION NUMBER | |
| Universal Decimal Classification number | 94(479.22.37) Л-75 |
| 100 ## - MAIN ENTRY--PERSONAL NAME | |
| Personal name | Ломоури, Н.Ю. |
| 9 (RLIN) | 20390 |
| 245 ## - TITLE STATEMENT | |
| Title | Грузино-римские взаимоотношения : |
| Remainder of title | Ч. 1, Политические взаимоотношения / |
| Statement of responsibility, etc. | Н.Ю. Ломоури ; Редактор М.П. Инадзе. |
| 264 ## - PRODUCTION, PUBLICATION, DISTRIBUTION, MANUFACTURE, AND COPYRIGHT NOTICE | |
| Place of production, publication, distribution, manufacture | Тбилиси : |
| Name of producer, publisher, distributor, manufacturer | Изд-во Тбил. ун-та, |
| Date of production, publication, distribution, manufacture, or copyright notice | 1981. |
| 300 ## - PHYSICAL DESCRIPTION | |
| Extent | 326 с., |
| Other physical details | 21 см. |
| 500 ## - GENERAL NOTE | |
| General note | საძიებლები: გვ. 309-326. ბიბლიოგრაფია ტექსტის შენიშვნებში. |
| 653 ## - INDEX TERM--UNCONTROLLED | |
| keyword | პოლიტიკური ურთიერთობები |
| 653 ## - INDEX TERM--UNCONTROLLED | |
| keyword | საქართველო-რომის იმპერია |
| 700 ## - ADDED ENTRY--PERSONAL NAME | |
| Personal name | Инадзе, М.П. |
| Relator term | რედაქტორი |
| 9 (RLIN) | 20391 |
| 942 ## - ADDED ENTRY ELEMENTS (KOHA) | |
| Source of classification or shelving scheme | |
| Koha item type | წიგნი |
| Withdrawn status | Lost status | Source of classification or shelving scheme | Damaged status | Not for loan | Permanent Location | Current Location | Shelving location | Date acquired | Cost, normal purchase price | Full call number | Barcode | Date last seen | Copy number | Price effective from | Koha item type | Public note |
|---|---|---|---|---|---|---|---|---|---|---|---|---|---|---|---|---|
| ბათუმის შოთა რუსთაველის სახელმწიფო უნივერსიტეტის მთავარი ბიბლიოთეკა | ბათუმის შოთა რუსთაველის სახელმწიფო უნივერსიტეტის მთავარი ბიბლიოთეკა | წიგნსაცავი | 2023-11-15 | 10.00 | 94(479.22.37) Л-75 | 65460 | 2023-11-15 | 65460 | 2023-11-15 | წიგნი | 10 ლ. |
